| 000 | 00547nam a22001937a 4500 | ||
|---|---|---|---|
| 003 | dpl | ||
| 005 | 20180719125736.0 | ||
| 008 | 180719b xxu||||| |||| 00| 0 eng d | ||
| 020 |
_a8180614611 _c295.00 |
||
| 035 | _aB-156754 | ||
| 040 |
_aDPL _bEN _c0 |
||
| 082 |
_a610 _bRPG |
||
| 245 |
_aMedicine Buster High Yield Facts / _ccompiled by Dharmendra Sharma |
||
| 260 |
_aNew Delhi _bJaypee Brothers _c2005 |
||
| 300 |
_a318p _c24cm |
||
| 440 | _aRPG Series | ||
| 700 | _aSharma,Dharmendra,Comp. | ||
| 942 |
_2ddc _cEN _h610 _mRPG |
||
| 999 |
_c154398 _d154398 |
||